Zadarmo parkovanie aj nabíjanie novinka na letisku pre elektromobily

Bibliographic Details
Main Author: Kovář, Zdeněk (Author)
Format: Article
Language:Slovak
PhysicalDescription:Fotogr.
ISSN:1335-4655
Subjects:

MARC

LEADER 00000nab a2200000 ar4500
001 vtls011466444
003 SK-MaSNL
005 20260303212642.0
008 160113c20150827xo mr|p|||||||000 b|slo
038 |a SNSK 
040 |b slo  |c SNSK  |e AACR2 
041 |a slo 
044 |a xo  |c SK 
080 |a 629.331  |2 2001 
080 |a 629.423.31  |2 2001 
080 |a 622.235.432.4  |2 2001 
100 1 |a Kovář, Zdeněk  |4 aut  |9 266642 
245 1 0 |a Zadarmo parkovanie aj nabíjanie  |b novinka na letisku pre elektromobily  |c Zdeněk Kovář 
300 |b Fotogr. 
610 2 7 |a Letisko (Košice, Slovensko)  |2 snsk  |9 29622 
650 0 7 |a elektromobily  |2 snsk  |9 43829 
650 0 7 |a Nabíjacie stanice  |2 snsk  |9 764097 
650 0 7 |a parkovanie  |2 snsk  |9 878167 
651 7 |a Košice (Slovensko)  |2 snsk  |9 18694 
773 0 |t Nový Čas  |g Roč. 25, č. 199 (27.8.2015), s. 6-7  |x 1335-4655 
852 |a SNSK  |b KIS3GCP 
999 |c 2208421  |d 2210351